Guess the 1970s song lyrics #233 - Statistics

General Stats
  • This quiz has been taken 31 times
    4 since last reset
  • The average score is 146 of 193
Answer Stats
Answer % Correct
a
100%
All
100%
are
100%
do
100%
Don't
100%
don't
100%
down
100%
I'm
100%
in
100%
me
100%
my
100%
My
100%
No
100%
on
100%
On
100%
one
100%
the
100%
to
100%
too
100%
way
100%
And
75%
be
75%
Goin
75%
goin
75%
gonna
75%
Gonna
75%
hell
75%
Hell
75%
highway
75%
Highway
75%
I'd
75%
stop
75%
there
75%
time
75%
yeah
75%
around
50%
band
50%
easy
50%
free
50%
friends
50%
Hey
50%
it
50%
land
50%
Livin
50%
mama
50%
need
50%
Nobody's
50%
now
50%
Party
50%
Playin
50%
promised
50%
reason
50%
rhyme
50%
ride
50%
rockin
50%
Satan
50%
slow
50%
Ain't
25%
at
25%
dues
25%
Leave
25%
Like
25%
limit
25%
Look
25%
mess
25%
nothin
25%
Payin
25%
rather
25%
signs
25%
Speed
25%
spin
25%
Takin
25%
ticket
25%
Askin
0%
everything
0%
Lovin
0%
Mmm
0%
Season
0%
stride
0%
wheel
0%
wow
0%
No matching quizzes found
Score Distribution
Percent of People with Each Score
Percentile by Number Answered
Your Score History
You have not taken this quiz since the last reset